00365 2200157 4500001002100000005001500021035002000036245004400056100001700100300001200117260002600129082000800155084001400163020001800177990001200195INLIS00000000000169620250430091005 a0010-04250001121 aPepak Basa Jawa Lengkap /cNuraini,S.Pd0 aNuraini,S.Pd a128 hlm aSolo :bLingkar Media a418 a418 NUR p a979-994-338-8 a0754647